Propriedades físicas dos minerais - Statistics

Estatísticas Gerais
  • Esse quiz foi jogado 25 vezes
  • A pontuação média é 6 de 24
Estatísticas das Respostas
Propriedades % Correto
Propriedades mecânicas Dureza
75%
Baseadas na interação com a luz Cor
60%
Propriedades relacionadas à massa Densidade
55%
Baseadas na interação com a luz Brilho
50%
Outras propriedades diagnósticas Magnetismo
40%
Propriedades mecânicas Clivagem
35%
Aparência Forma
30%
Aparência Hábito
30%
Propriedades mecânicas Fratura
25%
Propriedades sensoriais Paladar
25%
Propriedades mecânicas Tenacidade
20%
Baseadas na interação com a luz Traço
20%
Propriedades sensoriais Odor
15%
Propriedades elétricas Piezoeletricidade
15%
Propriedades elétricas Piroeletricidade
15%
Outras propriedades diagnósticas Radioatividade
15%
Propriedades sensoriais Tato
15%
Baseadas na interação com a luz Diafaneidade
10%
Propriedades relacionadas à massa Massa específica
10%
Propriedades mecânicas Partição
10%
Outras propriedades diagnósticas Solubilidade em ácidos
10%
Baseadas na interação com a luz Chatoyance e asterismo
5%
Baseadas na interação com a luz Jogo de cores
5%
Baseadas na interação com a luz Luminescência
0%
Nenhum quiz correspondente encontrado
Distribuição das Pontuações
Porcentagem de Pessoas com Cada Pontuação
Percentil de Números Respondidos
Sua Pontuação Histórica
Você não jogou esse quiz